| 000 | 00538cam a22001217a 4500 | ||
|---|---|---|---|
| 008 | 180718b1995 xxu||||| |||| 00| 0 eng d | ||
| 082 | _aA81x54 91/2/PT12A&B/NE | ||
| 100 | _aCensus of India 1991 | ||
| 245 | _aAndhra Pradesh district census handbook, Nellore: village and town directory, village and townwise primary census abstract | ||
| 260 |
_aHyderabad _bCommissioner of Printing Stationery and Stores Purchase (Ptg. Wing) Department _c1995 |
||
| 300 | _a421+p. | ||
| 440 | _aCensus of India 1991. Series-2, Andhra Pradesh. Part XII-A & B | ||
| 999 |
_c482245 _d482245 |
||